| 000 | 00340nam a22001457a 4500 | ||
|---|---|---|---|
| 003 | OSt | ||
| 005 | 20170105103446.0 | ||
| 008 | 131202t xxu||||| |||| 00| 0 eng d | ||
| 022 | _21-58829-481-1 | ||
| 040 |
_aASAB _cASAB |
||
| 100 |
_qMahendra S. Rao _9348 |
||
| 245 | _aNeural Development and Stem Cells | ||
| 250 | _a2nd Ed | ||
| 942 |
_2ddc _cBK |
||
| 999 |
_c16617 _d16617 |
||